000 00624nam a2200193Ia 4500
008 151121s9999||||xx |||||||||||||| ||und||
082 _a920/शेट्टी
082 _bHNW-114088
100 _aशेट्टी राजू
245 _aशिवार ते संसद
260 _b"पद्मगंधा प्रकाशन, पुणे।"
260 _c2013
300 _a223
600 _aशेट्टी राजू
630 _aशिवार ते संसद
700 _aशेट्टी राजू
730 _aशिवार ते संसद
942 _cBOOK
999 _c1263129
_d1263126